Earlier and recent aspects of superconductivity : lectures from the international school, Erice, Trapani, Sicily, July 4-16, 198
Enregistré dans:
| Collectivité auteur: | |
|---|---|
| Autres auteurs: | , |
| Format: | Actes de congrès Livre |
| Langue: | English |
| Publié: |
Berlin ; New York : Springer-Verlag,
c1990.
|
| Collection: | Springer series in solid-state sciences
|
| Sujets: | |
| Tags: |
Ajouter un tag
Pas de tags, Soyez le premier à ajouter un tag!
|
MARC
| LEADER | 00000nam a2200000Ia 4500 | ||
|---|---|---|---|
| 003 | 003392 | ||
| 005 | 20221231144014.0 | ||
| 008 | 140114s1990 ge a 000 ||eng d | ||
| 040 | |c cru CEDI | ||
| 082 | |a 537.623 E11e | ||
| 245 | |a Earlier and recent aspects of superconductivity : lectures from the international school, Erice, Trapani, Sicily, July 4-16, 198 | ||
| 260 | |a Berlin ; New York : Springer-Verlag, |c c1990. | ||
| 300 | |a ix, 529 páginas : ilustraciones. ; 24 cm. | ||
| 440 | |a Springer series in solid-state sciences |n 90 |9 21891 | ||
| 650 | |x CONDUCTIVIDAD |9 21892 | ||
| 700 | |9 21887 |a Bednorz, J. Georg, 1950- | ||
| 700 | |9 21889 |a Müller, K. Alex, 1927- | ||
| 711 | |9 21890 |a International School of Materials Science and Technology |c Erice, Italy |d 1989 | ||
| 942 | |2 ddc |c BK | ||
| 999 | |c 15489 |d 15489 | ||
